Statistiques concernant Équipe de France - Coupe du Monde 2002

Cliquez ici pour prendre le quiz!

Statistiques générales

  • Ce quiz a été pris 96 fois
  • Le résultat moyen est 16 sur 24

Statistiques - réponses

No Joueur Club % Correct
10Zinedine ZidaneReal Madrid
97%
12Thierry HenryArsenal
96%
16Fabien BarthezManchester United
94%
15Lilian ThuramJuventus
91%
3Bixente LizarazuBayern Munich
90%
20David TrezeguetJuventus
87%
4Patrick VieiraArsenal
79%
17Emmanuel PetitChelsea
77%
7Claude MakéléléReal Madrid
74%
8Marcel DesaillyChelsea
74%
23Grégory CoupetOlympique Lyonnais
72%
1Ulrich RaméGirondins de Bordeaux
65%
21Christophe DugarryGirondins de Bordeaux
65%
2Vincent CandelaAS Rome
63%
9Djibril CisséAJ Auxerre
63%
11Sylvain WiltordArsenal
62%
19Willy SagnolBayern Munich
60%
Ent.Roger Lemerre
55%
18Frank LeboeufOlympique de Marseille
54%
6Youri DjorkaeffBolton Wanderers
51%
14Alain BoghossianSampdoria
46%
22Johan MicoudFC Parme
36%
13Mikaël SilvestreManchester United
31%
5Philippe ChristanvalFC Barcelone
28%

Distribution des résultats

Percentile par nombre de réponses

% des personnes avec chaque résultat

Votre développement - résultats

Vous n’avez pas pris ce quiz